| 000 | 00652nam a2200229Ia 4500 | ||
|---|---|---|---|
| 003 | OSt | ||
| 005 | 20220926040715.0 | ||
| 006 | a|||||r|||| 00| 0 | ||
| 007 | ta | ||
| 008 | 220923b |||||||| |||| 00| 0 eng d | ||
| 037 | _cGeneral Book | ||
| 040 |
_aRTL _cRTL _beng |
||
| 041 |
_2eng _aeng |
||
| 082 | _aX:9581.73.N6, K6 | ||
| 100 |
_aHolland Daniel M _9343990 |
||
| 245 | 0 |
_aPrivate pension funds _b Projected growth |
|
| 260 | _c1966 | ||
| 490 | _aNational Bureau of Economic Research, occasional paper. 97 | ||
| 650 | _aPension | ||
| 942 |
_hX:9581.73.N6, K6 _cGB _2CC |
||
| 999 |
_c665434 _d665434 |
||